000 00568nam a2200193Ia 4500
005 20250508154659.0
008 008 250505s9999 xx 000 0 eng d
037 _aTextual
040 _aFEDL
_beng
_cFEDL
041 _aeng
_2eng
084 _a370.1, BAY
_qFEDL
100 _aBayles Ernest E.
_9637114
245 0 _aGrowth of American educational thought and practice
260 _aNew York, USA
_bHarper and Row Publishers
_c1966
300 _ax,305p.
650 _aEducation-Philosophy
942 _cTEXL
_h370.1, BAY
999 _c1351574
_d1351574